MPK Częstochowa - linia autobusowa nr 24 - Statystyki

Ogólne statystyki
  • Ten quiz został rozwiązany 90 razy
  • Średni wynik to 17 z 32
Statystyki odpowiedzi
Lp k. Błeszno Lp k. Kukuczki Nazwa przystanku Kierunek przystanku % Poprawnych
1 27 Kukuczki -
93%
17 11 Galeria Jurajska -
88%
25 1 Błeszno -
79%
16 - Plac Daszyńskiego Błeszno
75%
9 19 Promenada Niemena -
70%
12 16 Hala Polonia -
64%
13 15 Politechnika -
64%
11 17 Kiedrzyńska -
61%
18 - Mała Błeszno
61%
19 8 Stroma -
61%
14 14 Aleja Jana Pawła II - Uniwersytet -
59%
- 6 Estakada Kukuczki
59%
8 20 Iwaszkiewicza -
59%
15 13 Rondo Trzech Krzyży -
59%
- 2 Bohaterów Katynia Kukuczki
54%
- 9 Krakowska Kukuczki
54%
20 7 Pusta -
54%
5 23 Michałowskiego -
52%
- 10 Kanał Kohna Kukuczki
50%
- 3 Rakowska Kukuczki
50%
- 12 Stary Rynek Kukuczki
48%
2 26 Witosa -
48%
22 5 Okrzei -
46%
- 4 Mireckiego Kukuczki
43%
7 21 Schillera -
41%
6 22 Kutrzeby -
39%
21 - C. H. Jagiellończycy Błeszno
38%
3 25 Kosmowskiej -
38%
23 - Cmentarz Raków Błeszno
34%
10 18 Kurpińskiego -
34%
4 24 Starzyńskiego -
34%
24 - Bienia Błeszno
23%
Nie znaleziono quizów pasujących do podanych kryteriów
Rozkład punktacji
Procent ludzi z każdym wynikiem
Percentyl według liczby udzielonych odpowiedzi
Twoja historia wyników
Nie rozwiązałeś tego quizu